| 000 | 00355nam a2200157Ia 4500 | ||
|---|---|---|---|
| 100 | _aMoore/Dana/ Budd/Raymond | ||
| 650 | _aAJAX | ||
| 942 | _cBK | ||
| 366 | _f27 | ||
| 654 | _aajax | ||
| 245 | _aProfessional Rich Internet Application AJAX and beyond | ||
| 260 |
_bWiley _c2007 |
||
| 082 |
_a4.65 _bMOO |
||
| 546 |
_aENGLISH _cComputers |
||
| 999 |
_c19832 _d19832 |
||